| 000 -CABECERA |
| campo de control de longitud fija |
00731cam a22002534a 4500 |
| 001 - NÚMERO DE CONTROL |
| campo de control |
YPZ12089 |
| 003 - IDENTIFICADOR DEL NÚMERO DE CONTROL |
| campo de control |
YPZ |
| 005 - FECHA Y HORA DE LA ÚLTIMA TRANSACCIÓN |
| campo de control |
20260326101823.0 |
| 008 - DATOS DE LONGITUD FIJA--INFORMACIÓN GENERAL |
| campo de control de longitud fija |
260326s1995 ag grb 001 0 spa d |
| 020 ## - NÚMERO INTERNACIONAL ESTÁNDAR DEL LIBRO |
| Número Internacional Estándar del Libro |
9879064089 |
| 040 ## - FUENTE DE LA CATALOGACIÓN |
| Centro/agencia transcriptor |
SIUNPA |
| Centro catalogador/agencia de origen |
SIUNPA |
| Lengua de catalogación |
spa |
| Normas de descripción |
AACR2 |
| 041 ## - CÓDIGO DE LENGUA |
| Código de lengua del texto/banda sonora o título independiente |
spa |
| 044 ## - CÓDIGO DEL PAÍS DE LA ENTIDAD EDITORA/PRODUCTORA |
| Código MARC del país |
ag |
| 080 ## - NÚMERO DE LA CLASIFICACIÓN DECIMAL UNIVERSAL |
| Número de la Clasificación Decimal Universal |
355.48 G643m |
| 100 ## - ENTRADA PRINCIPAL--NOMBRE DE PERSONA |
| Nombre de persona |
González, Marcela |
| Término indicativo de función/relación |
autora |
| Fechas asociadas al nombre |
aut |
| 245 ## - MENCIÓN DE TÍTULO |
| Título |
Las milicias, origen y organización durante la colonia |
| Mención de responsabilidad, etc. |
/ Marcela González |
| 260 ## - PUBLICACIÓN, DISTRIBUCIÓN, ETC. |
| Lugar de publicación, distribución, etc. |
Córdoba |
| Nombre del editor, distribuidor, etc. |
: Centro de Estudios Históricos |
| Fecha de publicación, distribución, etc. |
, 1995 |
| 300 ## - DESCRIPCIÓN FÍSICA |
| Extensión |
80 p. |
| 490 ## - MENCIÓN DE SERIE |
| Mención de serie |
(Cuaderno / Centro de Estudios Históricos ; |
| Designación de volumen o secuencia |
10) |
| 650 ## - PUNTO DE ACCESO ADICIONAL DE MATERIA--TÉRMINO DE MATERIA |
| Término de materia o nombre geográfico como elemento de entrada |
HISTORIA MILITAR |
| 650 ## - PUNTO DE ACCESO ADICIONAL DE MATERIA--TÉRMINO DE MATERIA |
| Término de materia o nombre geográfico como elemento de entrada |
EJERCITO |
| 651 #0 - PUNTO DE ACCESO ADICIONAL DE MATERIA--NOMBRE GEOGRÁFICO |
| 9 (RLIN) |
54 |
| Nombre geográfico |
CORDOBA (ARGENTINA) |
| 942 ## - ELEMENTOS DE PUNTO DE ACCESO ADICIONAL (KOHA) |
| Tipo de ítem Koha |
Libros |
| Fuente del sistema de clasificación o colocación |
|